Cartoonfiguren mit Y - Statistiken

Allgemein
  • Dieses Quiz wurde 46 mal gespielt
  • Das Durchschnittsergebnis liegt bei 4 aus 7
Antwortstatistiken
Bildquiz Antwort % Korrekt
Yoshi
88%
Yakari
79%
Yugi
67%
Yogi Bär
60%
Ylvi
31%
Yosemite Sam
24%
Yor Forger
14%
Keine übereinstimmenden Quizze gefunden
Verteilung der Resultate
Anzahl Personen mit jedem Resultat
Perzentil nach korrekt beantworteten Fragen
Ihre Resultats-Entwicklung
Sie haben dieses Quiz noch nicht gespielt